000 01218nam a2200241Ia 4500
003 Ost
005 20260507075309.0
008 260507s9999||||xx |||||||||||||| ||und||
020 _a×895159988
040 _cfsecg
041 _aara
082 _a330
100 _aبدوي، محمد عباس
_eمؤلف
245 0 _aالنظام المحاسبي للمنظمات الهادفة للربح و غير الهادفة للربح /
_c محمد عباس بدوي
260 _aالاسكندرية:
_bالمكتب الجامعي الحديث,
_c2007
300 _a484 صفحة؛
_bإيضاحات ؛
_c25 سم
520 _aالمحاسبة في الوحدات الهادفة لتحقيق الربح : المحاسبة في الفروع المحلية و في البنوك التجارية ، المحاسبة في الوحدات غير الهادفة لتحقيق الربح : النظام المحاسبي في قطاع المستشفيات و في الوحدات الحكومية .
653 _aالبنوك التجارية
653 _aالشركات غير الربحية
653 _aالمحاسبة
700 _aعثمان، الاميرة ابراهيم
_eمؤلف ثانوي
942 _cكتاب
999 _c43832
_d43832